At Tafsīr al Bayḍawī : / التفسير البيضاوي (Record no. 29914)

MARC details
000 -LEADER
fixed length control field 00501nam a22001817a 4500
003 - CONTROL NUMBER IDENTIFIER
control field BDDh-ASL
005 - DATE AND TIME OF LATEST TRANSACTION
control field 20231015031102.0
008 - FIXED-LENGTH DATA ELEMENTS--GENERAL INFORMATION
fixed length control field 230101s1920 ii ||||| |||| 00| 0 a d
040 ## - CATALOGING SOURCE
Original cataloging agency BDDh-ASL
Transcribing agency BDDh-ASL
041 ## - LANGUAGE CODE
Language code of text/sound track or separate title ara
082 ## - DEWEY DECIMAL CLASSIFICATION NUMBER
Classification number 297
Item number BAA
100 1# - MAIN ENTRY--PERSONAL NAME
Personal name Bayḍawī, Al
9 (RLIN) 6904
245 10 - TITLE STATEMENT
Title At Tafsīr al Bayḍawī : / التفسير البيضاوي
260 ## - PUBLICATION, DISTRIBUTION, ETC.
Place of publication, distribution, etc. Delhi :
Name of publisher, distributor, etc. Nizami Press ,
Date of publication, distribution, etc. 1920/1342 H.
300 ## - PHYSICAL DESCRIPTION
Extent 179 p. :
Dimensions 32 cm.
650 #0 - SUBJECT ADDED ENTRY--TOPICAL TERM
Topical term or geographic name entry element Tafsir
9 (RLIN) 4705
942 ## - ADDED ENTRY ELEMENTS (KOHA)
Source of classification or shelving scheme Dewey Decimal Classification
Koha item type Books
Holdings
Withdrawn status Lost status Source of classification or shelving scheme Damaged status Not for loan Collection code Home library Current library Shelving location Date acquired Source of acquisition Serial Enumeration / chronology Total Checkouts Full call number Barcode Date last seen Copy number Price effective from Koha item type Public note
    Dewey Decimal Classification   Not For Loan Non-fiction Asiatic Society Library Asiatic Society Library General Stacks 01/01/2023 ASB Library Collection A-0180   297 BAA 118206 01/01/2023 C-1 01/01/2023 Books Y-1920

Powered by Koha